Platero e eu (Registo nº 897)

Detalhes MARC
000 -Etiqueta do registo
Cabeçalho 00826nam0a2200277 4500
005 - Identificador da versão
Campo de controlo 20240813121818.0
010 ## - Número internacional normalizado dos livros (ISBN)
Número (ISBN) 9789727952151
021 ## - Número do Depósito Legal
Código do país PT
Número 263037/07
100 ## - Dados gerais de processamento
Dados gerais de processamento 20160314d2007 a y0pory5003 ba
102 ## - Pais de publicação ou produção
País de publicação Portugal
101 1# - Língua de publicação
Língua do texto, banda sonora, etc. Português
Língua do documento no original Espanhol
215 ## - Descrição física 
Indicação específica da natureza do documento e extensão da espécie 177, [2] p
200 1# - Titulo e menção de responsabilidade
Título próprio Platero e eu
Primeira menção de responsabilidade Juan Ramón Jiménez
Outras menções de responsabilidade trad. Luís Lima Barreto
225 2# - Colecção 
Título próprio da colecção Biblioteca editores independentes
Indicação de volume 21
205 ## - Menção da edição
Menção da edição 1ª ed
210 ## - Publicação, Distribuição, etc. 
Lugar da edição, distribuição, etc. Lisboa
Nome do editor, distribuidor, etc. Ed. Cotovia
Data da publicação, distribuição, etc. 2007
300 ## - Notas gerais 
Texto da nota Plano NAcional de Leitura
606 ## - Nome comum usado como assunto
Número de registo de entrada de autoridade 0002785
Palavra de ordem Literatura espanhola
Subdivisão de assunto Conto
Código do sistema CA
675 ## - Classificação Decimal Universal (CDU)
Notação 821.134.2-34
Edição 3ª ed.
Língua da edição por
702 #1 - Nome de autor-pessoa física (responsabilidade secundária)
Número de registo de entrada de autoridade 0001168
Palavra de ordem Barreto
Outra parte do nome não tomada para palavra de ordem Luís Lima
Código de função Tradutor
700 #1 - Nome de autor-pessoa física (responsabilidade principal)
Número de registo de entrada de autoridade 0002787
Palavra de ordem Ramón Jiménez
Outra parte do nome não tomada para palavra de ordem Juan
Datas 1881-1958
966 ## - Identificação da Biblioteca
Sigla EB2,3ENM
942 ## - Elementos de entrada adicionados (Koha)
Tipo de item no Koha Livro
Exemplares
Situação do levantamento Origin of item (home branch) (coded) Biblioteca de empréstimo Código de barras Cota Circulation type (not for loan) Tipo de documento Nota do exemplar Damaged status
  Biblioteca Escolar Eng. Nuno Mergulhão Biblioteca Escolar Eng. Nuno Mergulhão BENM1616 82LE-34 RAM PNL   Livro Sem mensagem